[Event "Buenos Aires op 3rd"]
[Site "Buenos Aires"]
[Date "2025.07.15"]
[Round "7"]
[White "Gonzalez Garrido, Oscar Daniel"]
[Black "Taa Bakovich, Oliverio"]
[Result "1/2-1/2"]
[WhiteElo "1885"]
[BlackElo "1592"]
[PlyCount "71"]
[EventDate "2025.07.11"]
[EventType "swiss"]
[EventRounds "9"]
[EventCountry "ARG"]
[SourceTitle "CB30_2025"]
[SourceDate "2025.07.23"]
[SourceVersion "1"]
[SourceVersionDate "2025.07.23"]
[SourceQuality "1"]

1. e4 e6 2. d4 d5 3. exd5 exd5 4. Bd3 Bd6 5. Nf3 Bg4 6. 0-0 Ne7 7. c3 f6 8. Re1 0-0 9. Nbd2 Bh5 10. Qc2 Bg6 11. Nf1 Re8 12. Bd2 Nd7 13. Ng3 c5 14. Nf5 Nxf5 15. Bxf5 Bxf5 16. Qxf5 Nb6 17. dxc5 Bxc5 18. b4 Bd6 19. Nd4 Be5 20. Nf3 Qd7 21. Qd3 Rac8 22. Re2 Nc4 23. Rae1 Rcd8 24. Be3 Bb8 25. Bc5 Rxe2 26. Rxe2 Ne5 27. Nxe5 fxe5 28. Be3 d4 29. cxd4 exd4 30. Bg5 Re8 31. Rxe8+ Qxe8 32. Qc4+ Kh8 33. g3 h6 34. Bc1 Qd7 35. Bb2 Be5 36. Qd3 1/2-1/2

[Event "Buenos Aires op 3rd"]
[Site "Buenos Aires"]
[Date "2025.07.12"]
[Round "2"]
[White "Taa Bakovich, Oliverio"]
[Black "Tornquist, Carlos"]
[Result "0-1"]
[WhiteElo "1592"]
[BlackElo "1910"]
[PlyCount "54"]
[EventDate "2025.07.11"]
[EventType "swiss"]
[EventRounds "9"]
[EventCountry "ARG"]
[SourceTitle "CB30_2025"]
[SourceDate "2025.07.23"]
[SourceVersion "1"]
[SourceVersionDate "2025.07.23"]
[SourceQuality "1"]

1. c4 e5 2. g3 Nf6 3. Bg2 d5 4. cxd5 Nxd5 5. Nc3 Be6 6. Nf3 Nc6 7. d3 Be7 8. 0-0 Qd7 9. Bd2 f6 10. a3 0-0-0 11. b4 Nxc3 12. Bxc3 Bh3 13. b5 Nd4 14. Bxd4 exd4 15. Qa4 Bxg2 16. Kxg2 Kb8 17. Rfc1 f5 18. Rc6 Qd5 19. Rac1 g5 20. Kg1 bxc6 21. bxc6 Ka8 22. Rc4 Rb8 23. Nd2 Rb2 24. Rxd4 Qb5 25. Qxb5 Rxb5 26. Nc4 Rd8 27. Rxd8+ Bxd8 0-1

[Event "Wch U18"]
[Site "Florianopolis"]
[Date "2024.10.31"]
[Round "3"]
[White "Taa Bakovich, Oliverio"]
[Black "Kaloki, Hawi"]
[Result "0-1"]
[WhiteElo "1575"]
[BlackElo "1872"]
[PlyCount "48"]
[EventDate "2024.10.29"]
[EventType "swiss"]
[EventRounds "11"]
[EventCountry "BRA"]
[SourceTitle "CB45_2024"]
[Source "ChessBase"]
[SourceDate "2024.11.06"]
[SourceVersion "1"]
[SourceVersionDate "2024.11.06"]
[SourceQuality "1"]

1. c4 Nf6 2. Nc3 e5 3. g3 Bb4 4. Bg2 0-0 5. e4 d6 6. a3 Bxc3 7. bxc3 a6 8. d4 exd4 9. cxd4 Nxe4 10. Bxe4 Re8 11. Qe2 d5 12. cxd5 f5 13. Be3 Rxe4 14. Qc4 b5 15. Qb3 Bb7 16. Ne2 Bxd5 17. Qc3 Rxe3 18. Qxe3 Bxh1 19. Qe6+ Kh8 20. Qxf5 Nc6 21. Rd1 Qe7 22. Kf1 Re8 23. Qd3 Bd5 24. Nf4 Bc4 0-1